000 00423nam a2200169Ia 4500
001 30207
003 IN-NITTTR
005 20251114233409.0
008 251113s9999||||xx |||||||||||||| ||eng||
040 _beng
040 _cIN-NITTTR
041 _aeng
082 _a621.312 S92E
100 _aSivanagaraju, S.
245 0 _aElectric energy-generation, utilization and conservation /
_cSivanagaraju, S.
942 _2ddc
_cBK
999 _c32835
_d32835